000 00458cam a22001934a 4500
005 20250605164246.0
008 250528s ||||||||||||||||||||||||d
035 _a21530
020 _a9780273682264
040 _aGR-AtMCL
_bgre
_dGR-AtMCL
_eAACR2
245 1 _aSTRATEGIC ENTREPRENEURSHIP
250 _a3
260 _bPrentice Hall,
_c2004
300 _a618
700 1 _aWickham Philip A
_97522
942 _cBK
999 _c6592
_d6592